"Video Games" - All Lyrics (Lana Del Rey) - Statistics

General Stats
  • This quiz has been taken 35 times
  • The average score is 355 of 390
Answer Stats
Lyrics % Correct
a
100%
and
100%
And,
100%
do
100%
do,
100%
do)
100%
for
100%
game"
100%
He
100%
I
100%
in
100%
is
100%
me
100%
my
100%
on
100%
play
100%
say,
100%
say
100%
that
100%
the
100%
video
100%
you
100%
"You
100%
you,
100%
all
97%
Earth
97%
even
97%
ever
97%
everything
97%
"Get
97%
get
97%
Heaven
97%
Honey,
97%
It's
97%
it's
97%
knew
97%
place
97%
tell
97%
Tell
97%
than
97%
true?
97%
your
97%
better
93%
girls
93%
here
93%
like
93%
over
93%
They
93%
things
93%
time,
93%
up
93%
wanna
93%
with
93%
bad
90%
big
90%
built
90%
car,
90%
heard
90%
playing
90%
Playing
90%
two,
90%
was
90%
world
90%
arms,
86%
backyard,
86%
fast
86%
games
86%
his
86%
name
86%
Swinging
86%
swinging
86%
this
86%
undressed,
86%
watching
86%
Watching
86%
beer
83%
I'm
83%
kiss,
83%
Open
83%
pull
83%
whistling
83%
favorite
79%
"Go
79%
holds
79%
(N-now
79%
now
79%
of
79%
our
79%
perfume
79%
stars,
79%
think
79%
baby,
76%
body
76%
put
76%
seeing
76%
somebody
76%
am
72%
bestest,"
72%
downtown
72%
loving
72%
sundress,
72%
take
72%
drunk
69%
friends
69%
fun,
69%
idea
69%
out
69%
fall
66%
if
66%
lean
66%
living
66%
old
62%
Old
62%
Only
62%
blue
59%
darts,
59%
bars,
55%
wild
55%
worth
55%
fame
52%
Paul's,
52%
dark,
48%
Kissing
48%
pool
48%
Singing
48%
Mmm
21%
Mmm,
21%
No matching quizzes found
Score Distribution
Percent of People with Each Score
Percentile by Number Answered
Your Score History
You have not taken this quiz